[Laporan program latihan baru untuk Modul induksi umum : Dasar awam yang diadakan di Institut Penilaian Negara, Bangi]

Bibliographic Details
Corporate Authors: Pakej Jurulatih - Modul induksi umum : Dasar awam, Jabatan Penilaian dan Perkhidmatan Harta
Format: Book
Published: 2000
Subjects:

MARC

LEADER 00000cam a2200000 7i4500
001 0000018702
005 20070226.0
040 |a INS 
090 0 0 |a PAC28 
110 2 |a Pakej Jurulatih - Modul induksi umum : Dasar awam   |c Institut Tadbiran Awam Negara, Malaysia 
245 0 0 |a [Laporan program latihan baru untuk Modul induksi umum : Dasar awam yang diadakan di Institut Penilaian Negara, Bangi] 
260 |a 2000 
300 |a 1 jil. ( Mukasurat pelbagai ) :   |b ill ;   |c 32 cm. 
500 |a Anjuran Program Pengurusan dan Komputer INSPEN dan Institut Tadbiran Awam Negara, INTAN 
500 |a Tidak diterbitkan 
650 0 0 |a Employees   |x Training of 
651 0 |a Malaysia   |x Economic policy 
651 0 |a Malaysia   |x Politics and government 
651 0 |a Malaysia   |x Social policy 
710 1 |a Jabatan Penilaian dan Perkhidmatan Harta 
999 |a PAC0000033   |b BOOK   |c Training Package   |e Default branch